Použití SPD typu 1.

Uložené v:
Podrobná bibliografia
Médium: Kniha
Jazyk:Slovak
Czech
Vydané: [2013].
Vydanie:1. vyd.
Témy:
On-line prístup:http://www.saltek.eu
Fyzický popis: 12 s.
Tagy: Pridať tag
Žiadne tagy, Buďte prvý kto otaguje tento záznam!

MARC

LEADER 00000nam#a22000003a#4500
001 000430821
003 SVKKK
005 20130812095142.0
008 130812s2013 xo |||| 0 slo#d
040 |a SVKKK  |b slo  |c SVKKK  |e AACR2 
041 0 # |a cze 
044 |a xr  |c CZ 
080 |a 621.316.93  |2 2001 
110 2 |a SALTEK s. r. o.  |c Drážďanská 85, 400 07 Ústí nad Labem, ČR  |4 mfr 
245 1 0 |a Použití SPD typu 1. 
250 |a 1. vyd. 
260 # |c [2013]. 
300 |a 12 s. 
655 7 |a firemné prospekty  |2 SNKPH 
710 2 # |a SALTEK Slovakia s. r. o.  |c Kutlíkova 17, 851 02 Bratislava  |4 dst 
856 4 1 |u http://www.saltek.eu 
910 |a svkkk 
998 |a FL 
090 |g SCKHL  |k SK42  |a 621.316.93  |j 226767  |i 430821-10  |4 zastaraná  |s Vyradená